000 01358nam a2200265Ia 4500
003 OSt
005 20200716154600.0
008 191128s1982 ck fr 100 0 spa d
040 _aCO-JMCR
_cCO-JMCR
041 0 _aspa
082 0 4 _a338.91 /
_bS471e
_223
111 2 _aSeminario sobre Economía Mundial
_d(1981 :
_cBogotá)
_97403
245 1 0 _aEconomía mundial y la economía colombiana /
_cSeminario sobre Economía Mundial ; editor Astrid Martínez O. ; dirección editorial Gustavo Reyes Zambrano
250 _aPrimera edición
260 _aBogotá :
_bUniversidad Nacional de Colombia,
_c1982
300 _a100 páginas ;
_c24 cm.
500 _aEsta publicación fue financiada por el Instituto Colombiana para el Fomento de la Educación Superior - Icfes--Tapa
505 0 _aCrisis energética mundial: realidades y perspectivas -- La crisis del capitalismo central y su impacto sobre el capitalismo periférico -- La política de liberación de importaciones : el caso colombiano 1974-1980
650 1 4 _aEvaluación económica
_vCongresos, conferencias, etc
_97404
650 1 4 _aCrisis económica
_vCongresos, conferencias, etc
_97405
650 1 4 _aEconomía colombiana
_vCongresos, conferencias, etc
_97406
700 1 _aMartínez O., Astrid,
_d
_eeditora
_97407
700 1 _aReyes Zambrano, Gustavo,
_edirector
_97408
942 _2ddc
_cBK
999 _c5604
_d5604